000 00682nam a2200229 i 4500
001 17046
003 ES-MaACL
005 20260526140145.0
007 t|
008 001218s1991 sp ||||1| spa d
020 _a84-339-0926-6
080 _a821.134.1-31"19"
100 1 _aPamies, Sergio,
_d1983-
_9131444
245 1 3 _aLa primera piedra /
_cSegi Páamies ; traducción de Marcelo Cohen.
260 _aBarcelona :
_bAnagrama,
_c[1991]
300 _a188 p. ;
_c20 cm.
490 1 _aNarrativas hispánicas ;
_v116
700 1 _aCohen, Marcelo.
_939506
830 0 0 _aNarrativas hispánicas (Anagrama)
_v116
_9178124
852 _aES-MaACL
_jL-24051
_bR.129123
999 _c17046
_d17046